00409nam a2200109Ia 4500008004100000245012600041260003500167260000900202300000900211650001300220856006600233170516s9999 xx 000 0 und d aIsolation, Identification, and Antibiotics Resistance of Aeromonas spp. from Lakes of Udaipur (Rajasthan), India H. Joshi bAsian Journal of Pharmaceutics c2016 a10:2 xPharmacy uhttp://www.asiapharmaceutics.info/index.php/ajp/issue/view/61